Exact calculation of the flavour-changing quark-higgs vertex /
Saved in:
| Main Author: | |
|---|---|
| Format: | Thesis Book |
| Language: | English |
| Published: |
1997.
|
| Subjects: | |
| Online Access: | http://studentsrepo.um.edu.my/id/eprint/2763 |
| Tags: |
Add Tag
No Tags, Be the first to tag this record!
|
| LEADER | 01000cam a2200277 a 4500 | ||
|---|---|---|---|
| 001 | u413963 | ||
| 003 | SIRSI | ||
| 008 | 911205s1997 my t 00 1 eng m | ||
| 035 | |a ACD-5791 | ||
| 040 | |a UMM | ||
| 090 | |a QC793.5 |b B62Tan | ||
| 091 | |a Microfiche 14456 | ||
| 100 | 1 | 0 | |a Tan, Bok Hooi. |
| 245 | 1 | 0 | |a Exact calculation of the flavour-changing quark-higgs vertex / |c Tan Bok Hooi. |
| 260 | |c 1997. | ||
| 300 | |a x, 134 leaves [append.] : |b ill. ; |c 30 cm. | ||
| 500 | |a Microfiche. Kuala Lumpur : University of Malaya Library, 2000. 2 fiches : negative ; 11 x 15 cm. | ||
| 502 | |a Dissertation (M.Sc.) -- Jabatan Fizik, Fakulti Sains, Universiti Malaya, 1997. | ||
| 504 | |a Bibliography: leaves 131-134. | ||
| 650 | 0 | |a Higgs bosons. | |
| 650 | 0 | |a Quarks. | |
| 710 | 2 | 0 | |a Universiti Malaya. |b Jabatan Fizik. |
| 856 | 4 | 1 | |u http://studentsrepo.um.edu.my/id/eprint/2763 |
| 948 | |a 28/07/1997 |b 09/03/2004 | ||
| 596 | |a 1 | ||
| 999 | |a QC793.5 B62TAN |w LC |c 1 |i A507469681 |l STACKS |m P01UTAMA |r Y |s Y |t TESIS |u 7/2/1998 | ||
